Stacje i przystanki kolejowe na linii kolejowej nr 15 - Statystyki

Ogólne statystyki
  • Ten quiz został rozwiązany 9 razy
  • Średni wynik to 9 z 18
Statystyki odpowiedzi
Hint Odpowiedź % Poprawnych
15 Zgierz
100%
1 Bednary
88%
18 Łódź Kaliska
88%
9 Stryków
75%
7 Głowno
63%
16 Łódź Radogoszcz Zachód
63%
17 Łódź Żabieniec
63%
2 Łowicz Przedmieście
63%
4 Domaniewice
50%
5 Domaniewice Centrum
50%
11 Glinnik
38%
6 Kamień Łowicki
38%
13 Smardzew
38%
10 Swędów
38%
8 Bratoszewice
25%
12 Glinnik Wieś
25%
14 Zgierz Rudniki
25%
3 Grudze
13%
Nie znaleziono quizów pasujących do podanych kryteriów
Rozkład punktacji
Procent ludzi z każdym wynikiem
Percentyl według liczby udzielonych odpowiedzi
Twoja historia wyników
Nie rozwiązałeś tego quizu